000 01173nam a22001577a 4500
999 _c524824
_d524824
008 240118b ||||| |||| 00| 0 eng d
100 _aSingh, Rajesh Kumar and Deasthali, Supriya
_948175
245 _aPassing of the landmark legislation: The Jan Vishwas act, 2023 and the road ahead
260 _aYojana
300 _a68(1), Jan, 2024: p.17-20
520 _a“ In this day and age, the media and common citizens of India have become more aware and actively follow and take an interest in the introduction of new laws, particularly those brought in favour of ease of doing business and ease of living. This makes it even more imperative for the government to ensure outreach and awareness of such actions to ensure that the true intended motives of such acts do not get distorted due to legal complexity and confusion. It is also important to create awareness of such developments so the intended stakeholders can avail themselves of the benefits and be aware of positive developments undertaken.” – Reproduced
650 _aJan Vishwas Amendment of Provisions Bill 2023, Jan Vishwas Act 2023
_948176
773 _aYojana
906 _aLAWS
942 _cAR